00685nam a2200229 a 4500001001300000003000900013005001700022008004100039020001000080082001600090100003300106245002000139260005000159300000900209500003500218650002300253700003300276902000800309942000700317952011600324999001500440nice12345678IN_TiNIC20260116011929.0070716s1978 boma grp 000 0 urd  ac10000a297.65bQUA aQuasimi, Mohammad Jamaluddin aIslahul Masajid aBombay bShethia Audio Vidio Pvt. Ltd. c1978 a319p aincludes index and biblioraphy aMosque-Institution1 aQuasimi, Mohammad Jamaluddin bSRS cBK 001040708StackRoom-aHMIbHMId2007-07-16g100.00l0o297.65 QUAp09588r2007-07-16v100.00w2007-07-16yBK c4946d4946